Click the Fast Food Logos Quiz Stats

 Plays Quiz Updated Mar 23, 2016

Score 0/20 Timer 02:00
101 Plays Today
% Correct
McDonald's
95.2%
Panda Express
94.8%
KFC
94.7%
Pizza Hut
94.4%
Taco Bell
93.7%
White Castle
92.6%
Wendy's
91.6%
Quiznos
89.5%
In-N-Out
88.7%
Arby's
87.8%
% Correct
Jimmy John's
87.8%
Chick-fil-A
85.6%
Little Caesars
84.6%
Dairy Queen
82.8%
Panera
82.4%
Chipotle
81%
Hardee's|Carl's Jr.
80%
Steak 'n Shake
75.9%
Qdoba
71%
Skyline Chili
68.3%

You're not logged in!

Compare scores with friends on all Sporcle quizzes.
OR
Log In

You Might Also Like...

Show Comments

Extras

Top Quizzes Today


Score Distribution

Your Account Isn't Verified!

In order to create a playlist on Sporcle, you need to verify the email address you used during registration. Go to your Sporcle Settings to finish the process.

Report this User

Report this user for behavior that violates our Community Guidelines.

Details: